日赤病院のある自治体 - Statistics

General Stats
  • This quiz has been taken 32 times
  • The average score is 50 of 97
Answer Stats
Hint Answer % Correct
北海道 函館市
83%
北海道 旭川市
79%
北海道 釧路市
76%
北海道 釧路市
76%
北海道 北見市
72%
宮城県 仙台市
72%
秋田県 秋田市
72%
秋田県 秋田市
72%
青森県 八戸市
69%
岩手県 盛岡市
69%
福島県 福島市
69%
茨城県 水戸市
69%
埼玉県 さいたま市
69%
大阪府 大阪市
69%
兵庫県 神戸市
69%
兵庫県 姫路市
69%
群馬県 前橋市
66%
神奈川県 横浜市
66%
長野県 長野市
66%
愛知県 名古屋市
66%
愛知県 名古屋市
66%
和歌山県 和歌山市
66%
鳥取県 鳥取市
66%
島根県 松江市
66%
岡山県 岡山市
66%
広島県 広島市
66%
長崎県 長崎市
66%
沖縄県 那覇市
66%
宮城県 石巻市
62%
静岡県 静岡市
62%
滋賀県 大津市
62%
滋賀県 大津市
62%
京都府 京都市
62%
京都府 京都市
62%
山口県 山口市
62%
香川県 高松市
62%
愛媛県 松山市
62%
高知県 高知市
62%
福岡県 福岡市
62%
熊本県 熊本市
62%
熊本県 熊本市
62%
大分県 大分市
62%
鹿児島県 鹿児島市
62%
福岡県 福岡市
62%
富山県 富山市
59%
石川県 金沢市
59%
福井県 福井市
59%
岐阜県 岐阜市
59%
静岡県 浜松市
59%
静岡県 浜松市
59%
神奈川県 相模原市
55%
神奈川県 相模原市
55%
神奈川県 相模原市
55%
神奈川県 相模原市
55%
長崎県 諫早市
55%
新潟県 長岡市
52%
長野県 佐久市
48%
三重県 伊勢市
48%
滋賀県 長浜市
48%
島根県 益田市
48%
佐賀県 唐津市
48%
栃木県 足利市
45%
長野県 諏訪市
45%
岐阜県 高山市
45%
京都府 舞鶴市
45%
広島県 三原市
45%
埼玉県 深谷市
41%
千葉県 成田市
41%
東京都 渋谷区
41%
東京都 大田区
41%
山口県 山陽小野田市
41%
茨城県 古河市
38%
栃木県 真岡市
38%
栃木県 大田原市
38%
東京都 武蔵野市
38%
長野県 飯山市
38%
静岡県 伊豆市
38%
大阪府 高槻市
38%
広島県 庄原市
38%
徳島県 小松島市
38%
北海道 伊達市
31%
東京都 葛飾区
31%
静岡県 裾野市
31%
岡山県 玉野市
31%
長野県 安曇野市
31%
北海道 清水町
28%
山梨県 富士河口湖町
28%
北海道 浦河町
24%
埼玉県 小川町
24%
神奈川県 秦野市
24%
兵庫県 多可町
24%
北海道 小清水町
21%
群馬県 東吾妻町
21%
北海道 栗山町
17%
北海道 置戸町
14%
長野県 松川町
10%
福岡県 嘉麻市
10%
No matching quizzes found
Score Distribution
Percent of People with Each Score
Percentile by Number Answered
Your Score History
You have not taken this quiz